000 00562nam a2200241Ia 4500
005 20250425162025.0
008 250425s9999 xx 000 0 und d
020 _a00703800074
041 _aspa
082 _a512.5
100 _aSEYMOUR, LIPSCHUTZ
245 0 _aALGEBRA LINEAL
250 _a2A ED.
260 _aEspaƱa
_bMCGRAW-HILL
_c1992
260 _aMADRID
300 _a553
650 _aECUACIONES LINEALES
650 _aMATRICES
650 _aVECTORES
700 _aCELIA MARTINEZ ONTALBA
_etraductor
942 _c01
010 _a41118
999 _c220828
_d220828